000 00651nam a2200217 a 4500
001 000017635
003 DO-SdBNP
005 20250625123536.0
008 100329s1974 dr 000 0 spa d
040 _aDO-SdBNP
_bspa
_cBNPHU
100 1 _aDelgne, Gaston F.
_938446
245 1 0 _aEnsayos críticos.
250 _a2a ed.
260 _aSanto Domingo :
_bSecretaría de Educación
_bImpresos Comerciales,
_c1974.
300 _a64 p. ;
_c22 cm.
490 0 _aPublicaciones de la Secretaría de Educación
490 0 _aEnriquillo
_v1
500 _aFacsimilar
830 0 _aPublicaciones de la Secretaría de Educación
_938447
942 _2ddc
_cLBS1
999 _c17160
_d17160